000 00499nam a2200193Ia 4500
005 20230710111600.0
008 131103s9999 xx 000 0 und d
020 _a345356802
040 _aLoreto College
041 _aEnglish
082 _aF
_bGAR
100 _aGardner,Erle Stanley
245 4 _aThe case of the shuttering Bishop
_cErle Stanley Gardner
260 _aNew York
_bBallantine Books
_c1936
300 _a184 p.
650 _aFiction in English
850 _aLCLIB
942 _cBK
999 _c14369
_d64848